Good strategy bad strategy : the different and why it matters (Record no. 33670)

MARC details
000 -LEADER
fixed length control field 00443nam a22001697a 4500
003 - CONTROL NUMBER IDENTIFIER
control field OSt
005 - DATE AND TIME OF LATEST TRANSACTION
control field 20260404115318.0
008 - FIXED-LENGTH DATA ELEMENTS--GENERAL INFORMATION
fixed length control field 260404b |||||||| |||| 00| 0 eng d
020 ## - INTERNATIONAL STANDARD BOOK NUMBER
International Standard Book Number 9781781256176
040 ## - CATALOGING SOURCE
Transcribing agency LIRC
082 ## - DEWEY DECIMAL CLASSIFICATION NUMBER
Classification number 658.4012
100 ## - MAIN ENTRY--PERSONAL NAME
Personal name Rumelt, Richard
9 (RLIN) 6442
245 ## - TITLE STATEMENT
Title Good strategy bad strategy : the different and why it matters
260 ## - PUBLICATION, DISTRIBUTION, ETC.
Place of publication, distribution, etc. Great Britain
Name of publisher, distributor, etc. Profile Book
Date of publication, distribution, etc. 2017
300 ## - PHYSICAL DESCRIPTION
Extent 322 p.
942 ## - ADDED ENTRY ELEMENTS (KOHA)
Source of classification or shelving scheme Dewey Decimal Classification
Koha item type Utkarsh
Holdings
Withdrawn status Lost status Source of classification or shelving scheme Damaged status Not for loan Home library Current library Date acquired Source of acquisition Coded location qualifier Cost, normal purchase price Total Checkouts Full call number Barcode Checked out Date last seen Date last checked out Copy number Cost, replacement price Price effective from Koha item type
    Dewey Decimal Classification     Library and Information Resource Centre Library and Information Resource Centre 2026-04-01 Shambhavi New Delhi 499.00 1 658.4012 UT306 2026-04-22 2026-04-11 2026-04-11 1 499.00 2026-04-01 Utkarsh
Visit counter For Websites
LIRC, NIIT University, Neemrana, 01494-660783, Copyright © 2015. All Rights Reserved.